00570nam a22001817a 450000500170000001000150001702000260003203500140005803700090007208200080008110000230008924501110011226000480022327000430027130000260031470000230034070000250036320240517151746.0 aENG-140374 a9789391091453c250.00 aEN-123906 bDBAD a881 aRedzepagic, Bajram aThe Rainbow Of Eternity:bIndo Australian Poetic connect/cby Bajram, Redzepagic [and] Jernail Singh Anand aGurugrambThe Poetry Society Of Indiac2022 aH-23/16, DLF Phase-1,bHaryanae122002 aiii, 80p. c21cm.(pb) aRedzepagic, Bajram aAnand, Jernail singh